000 00816nmm a2200265 a 4500
003 AR-BaBNM
005 20251128211305.0
008 113120s2003 ||||||||||||||000 | spa||
020 _a987-538-083-0
040 _cAR-BaBNM
245 1 0 _aLos sentidos de lo público
_breflexiones desde el campo educativo ¿existe un espacio público no estatal?
250 _a1ª ed.
260 _aBuenos Aires
_bEdiciones Novedades Educativas
_c2003
300 0 _a127 p.
504 _aContiene referencias bibliográficas al final de cada capítulo
650 4 _aESTADO Y EDUCACION
650 4 _aPOLITICA EDUCATIVA
651 4 _aArgentina
653 0 _aEDUCACION PUBLICA
653 0 _aPEDAGOGIA CRITICA
653 0 _aREFORMA EDUCATIVA
700 1 _aFeldfeber, Myriam
_ecompilador
942 _cBK
998 _craquel
999 _c19026
_d19026